Tribhuvan University Central Library

Issues in contemporary critical theory (Record no. 12504)

MARC details
000 -LEADER
fixed length control field 006740000a22003010004500
082 ## - DEWEY DECIMAL CLASSIFICATION NUMBER
Classification number 809
Item number B279i
020 ## - INTERNATIONAL STANDARD BOOK NUMBER
International Standard Book Number 0-333-39812-2
041 ## - LANGUAGE CODE
Language code of text/sound track or separate title Eng
111 ## - MAIN ENTRY--MEETING NAME
Meeting name or jurisdiction name as entry element b
100 ## - MAIN ENTRY--PERSONAL NAME
Personal name Barry, Peter, ed.
245 ## - TITLE STATEMENT
Title Issues in contemporary critical theory
260 ## - PUBLICATION, DISTRIBUTION, ETC. (IMPRINT)
Place of publication, distribution, etc London
Name of publisher, distributor, etc Macmillan Press, Great Britain
260 ## - PUBLICATION, DISTRIBUTION, ETC. (IMPRINT)
Date of publication, distribution, etc 1987
300 ## - PHYSICAL DESCRIPTION
Extent 195p.
365 ## - TRADE PRICE
Price type code SP. 4.50
440 ## - SERIES STATEMENT/ADDED ENTRY--TITLE
Title Casebook Series
518 ## - DATE/TIME AND PLACE OF AN EVENT NOTE
Date/time and place of an event note 971130
530 ## - ADDITIONAL PHYSICAL FORM AVAILABLE NOTE
Additional physical form available note M
650 ## - SUBJECT ADDED ENTRY--TOPICAL TERM
Topical term or geographic name as entry element Literature
650 ## - SUBJECT ADDED ENTRY--TOPICAL TERM
Topical term or geographic name as entry element Literary criticism
650 ## - SUBJECT ADDED ENTRY--TOPICAL TERM
Topical term or geographic name as entry element Literary history
650 ## - SUBJECT ADDED ENTRY--TOPICAL TERM
Topical term or geographic name as entry element English
650 ## - SUBJECT ADDED ENTRY--TOPICAL TERM
Topical term or geographic name as entry element Literary style
650 ## - SUBJECT ADDED ENTRY--TOPICAL TERM
Topical term or geographic name as entry element Poetry
650 ## - SUBJECT ADDED ENTRY--TOPICAL TERM
Topical term or geographic name as entry element Drama
650 ## - SUBJECT ADDED ENTRY--TOPICAL TERM
Topical term or geographic name as entry element Fiction
942 ## - ADDED ENTRY ELEMENTS (KOHA)
Koha item type General Collections
Holdings
Withdrawn status Lost status Damaged status Not for loan Home library Current library Date acquired Total Checkouts Barcode Date last seen Price effective from
        Tribhuvan University Central Library Tribhuvan University Central Library 06/20/2010   115155 06/20/2010 06/20/2010